Hegel / (Registro nro. 90144)
[ vista simple ]
| 000 -LEADER | |
|---|---|
| fixed length control field | 00750nam a22002177a 4500 |
| 005 - DATE AND TIME OF LATEST TRANSACTION | |
| control field | 20150320122533.0 |
| 008 - FIXED-LENGTH DATA ELEMENTS--GENERAL INFORMATION | |
| fixed length control field | 140123t sp||||| |||| 00| 0 spa d |
| 020 ## - INTERNATIONAL STANDARD BOOK NUMBER | |
| International Standard Book Number | 9788476589465 |
| 050 04 - LIBRARY OF CONGRESS CALL NUMBER | |
| Classification number | B2948 |
| Item number | T39 2010 |
| 100 1# - MAIN ENTRY--PERSONAL NAME | |
| Personal name | Taylor, Charles |
| 245 10 - TITLE STATEMENT | |
| Title | Hegel / |
| Statement of responsibility, etc | Charles Taylor. ; tr. Francisco Castro Merrifield, Carlos Mendiola Mejía |
| 260 ## - PUBLICATION, DISTRIBUTION, ETC. (IMPRINT) | |
| Place of publication, distribution, etc | Barcelona, España : |
| Name of publisher, distributor, etc | Anthropos, |
| Date of publication, distribution, etc | 2010 |
| 300 ## - PHYSICAL DESCRIPTION | |
| Extent | 520 p. ; |
| Dimensions | 24 cm. |
| 490 1# - SERIES STATEMENT | |
| Series statement | Autores,Textos y Temas Filosofía, |
| Volume number/sequential designation | No. 78 |
| 500 ## - GENERAL NOTE | |
| General note | Incluye Bibliografias e Indice |
| 600 ## - SUBJECT ADDED ENTRY--PERSONAL NAME | |
| Personal name | Georg Wilhelm Friedrich Hegel, |
| Dates associated with a name | 1770-1831 |
| 700 1# - ADDED ENTRY--PERSONAL NAME | |
| Personal name | Castro Merrifield, Francisco , |
| Relator term | tr. |
| 700 1# - ADDED ENTRY--PERSONAL NAME | |
| Personal name | Mendiola Mejía, Carlos, |
| Relator term | tr. |
| 700 1# - ADDED ENTRY--PERSONAL NAME | |
| Personal name | Lazo Briones, Pablo, |
| Relator term | tr. |
| 942 ## - ADDED ENTRY ELEMENTS (KOHA) | |
| Source of classification or shelving scheme | Clasificación Decimal Dewey |
| Koha item type | Libro |
| Estado de pérdida | Fuente de clasificación | Estado del daño | No para préstamo | Ubicación permanente | Ubicación actual | Apartado o colección | Fecha de adquisición | Edición | Área del conocimiento | Total Checkouts | Total Renewals | Clasificación | Código de Barras | Date last seen | Date checked out | Número de copia | Tipo de recurso |
|---|---|---|---|---|---|---|---|---|---|---|---|---|---|---|---|---|---|
| Biblioteca del Cogreso de los Estados Unidos | Biblioteca de la Facultad de Filosofía | Biblioteca de la Facultad de Filosofía | General | 20/03/2015 | 1a ed. | Ciencias Agropecuarias | 5 | 3 | B2948 T39 2010 | BFF000008109 | 06/10/2025 | 29/08/2025 | 1 | Libro |